00786 a2200385 4500000002100000001000700021005001700028008004100045010000500086020000500091082001800096100002800114110000500142245008600147250001200233260003100245300001000276490000700286500000500293600000500298610000500303611000500308630000500313650000500318651000500323654000500328700002400333710000900357711000500366720000500371730000500376740000500381752000500386856000900391BKB 07167120200902151039.0  a a a530.141bP19C1 aPanofsky, Wolfgang K.H. a1 aClassical electricity and magnetismcby Wolfgang K.H. Panofsky and Melba Phillips a2nd ed. aNew YorkbDover Pub.c2005 a494p. av a a a a a a a a aPhillips, Melbabc abc a a a a a adf